[Event "Bhubaneswar Pillai Memorial"]
[Site "Bhubaneswar"]
[Date "2016.11.22"]
[Round "6"]
[White "Rout, Yashita"]
[Black "Hariharan, S Pillai"]
[Result "0-1"]
[WhiteElo "1129"]
[BlackElo "1631"]
[PlyCount "54"]
[EventDate "2016.11.20"]
[EventType "swiss"]
[EventRounds "11"]
[EventCountry "IND"]
[SourceTitle "CBM 175 Extra"]
[Source "ChessBase"]
[SourceDate "2016.12.12"]
[SourceVersion "1"]
[SourceVersionDate "2016.12.12"]
[SourceQuality "1"]

1. e4 c5 2. Nc3 e6 3. f4 d5 4. exd5 exd5 5. Bb5+ Bd7 6. Bxd7+ Qxd7 7. d4 Nf6 8. Nf3 cxd4 9. Nxd4 Be7 10. 0-0 0-0 11. Be3 Ng4 12. Bd2 Bc5 13. Nce2 Nc6 14. Bc3 Ne3 15. Qd2 Nxf1 16. Rxf1 Rfe8 17. Re1 Qg4 18. h3 Qh5 19. Kh1 Re4 20. Nb3 Bf2 21. Rd1 Rxe2 22. Qxd5 Qg6 23. Nc5 Bxc5 24. a3 Rae8 25. b4 Bb6 26. a4 Qg3 27. Qb3 Qxg2# 0-1

[Event "Bhubaneswar Pillai Memorial"]
[Site "Bhubaneswar"]
[Date "2016.11.21"]
[Round "3"]
[White "Hariharan, S Pillai"]
[Black "Rabindra, Kumar Ojha"]
[Result "1/2-1/2"]
[WhiteElo "1631"]
[BlackElo "1889"]
[PlyCount "74"]
[EventDate "2016.11.20"]
[EventType "swiss"]
[EventRounds "11"]
[EventCountry "IND"]
[SourceTitle "CBM 175 Extra"]
[Source "ChessBase"]
[SourceDate "2016.12.12"]
[SourceVersion "1"]
[SourceVersionDate "2016.12.12"]
[SourceQuality "1"]

1. e4 c5 2. Nf3 g6 3. d4 cxd4 4. Qxd4 Nf6 5. e5 Nc6 6. Qh4 Nxe5 7. Be2 Nxf3+ 8. Bxf3 Qa5+ 9. Nc3 Bg7 10. 0-0 0-0 11. Bd2 d6 12. Rad1 Qc7 13. Rfe1 Be6 14. Qb4 a5 15. Qa4 Rfc8 16. Rc1 Qb6 17. Nb5 Rc4 18. b4 Bd7 19. Qb3 Qxb5 20. a4 Rxb4 21. axb5 Rxb3 22. cxb3 Be6 23. Bxb7 Rb8 24. Ba6 h5 25. Bxa5 Bh6 26. Rxe6 Bxc1 27. Rxe7 Nd5 28. Rd7 Ba3 29. Rd8+ Rxd8 30. Bxd8 Bc5 31. Bb7 Bb6 32. Bxd5 Bxd8 33. Kf1 Kf8 34. Ke2 Ke7 35. Kd3 f5 36. Kc4 Bb6 37. f3 g5 1/2-1/2